000 00685nam a2200229 a 4500
005 20250918064111.0
008 991125n 000 0 spa u
035 _aUPN01000068373
222 _aREVISTA DE PSICOLOGIA SOCIAL
245 _aComprensión de nociones sobre organización social con niños y adolescentes mexicanos de nivel socioeconómico bajo
260 _aEspaña
300 _a175-193
362 0 _a1992 Vol. 7, no. 2
653 0 _aCLASES SOCIALES
653 0 _aCONOCIMIENTO SOCIAL
653 0 _aMEXICO
653 0 _aPROBLEMAS SOCIALES
653 0 _aSOCIEDAD
700 1 _aDíaz Barriga, Frida,
_d1955-
_930592
904 _aAC
_b006184
905 _aArticulo
999 _c64533
_d64533